Statistics for Spanish Translations of TV Shows #2

Click here to take the quiz!

General Stats

  • This quiz has been taken 197 times
  • The average score is 14 of 28

Answer Stats

Hint Answer % Correct
Bailando Con las EstrellasDancing With the Stars
93%
Los SimpsonThe Simpsons
91%
Dora la ExploradoraDora the Explorer
89%
La SopaThe Soup
78%
Todos Aman a RaymondEverybody Loves Raymond
78%
Mi Esposa y HijosMy Wife and Kids
71%
El Rey de ReinasThe King of Queens
68%
Aquí Viene Miel Boo BooHere Comes Honey Boo Boo
62%
Dieciséis Años y Embarazada16 and pregnant
61%
Parque SurSouth Park
61%
Personas Pequeñas, Mundo GrandeLittle People, Big World
61%
¿Así Que Crees Que Sabes Bailar?So You Think You Can Dance?
61%
Los Videos de Casa Más Cómicos de AméricaAmerica's Funniest Home Videos
60%
¿Eres Más Inteligente Que un Estudiante de Quinto Grado?Are You Smarter Than a Fifth Grader?
59%
Niñitas y TiarasToddlers and Tiaras
56%
Chico Se Encuentra Con el MundoBoy Meets World
48%
Sí, CariñoYes, Dear
41%
SúperniñeraSupernanny
41%
El Más ExtremoThe Most Extreme
41%
Mi Vida Como LizMy Life as Liz
36%
Salvado por el TimbreSaved by the Bell
29%
RidiculezRidiculousness
24%
Cambiando EspaciosTrading Spaces
20%
La Pareja PequeñaThe Little Couple
14%
CunasCribs
14%
IncómodoAwkward
12%
Estrellas de EmpeñoPawn Stars
8%
Todavía de PieStill Standing
8%

Score Distribution

Percentile by Number Answered

Percent of People with Each Score

Your Score History

You have not taken this quiz